| 000 | 00672nam a2200229 a 4500 | ||
|---|---|---|---|
| 001 | BRCA_7670 | ||
| 005 | 20190320205934.0 | ||
| 008 | 090813s1955----enka######---#000-0#eng-# | ||
| 041 | _aeng | ||
| 044 | _aenk | ||
| 050 | 4 |
_aNK8843 _b.E54 1955 |
|
| 245 | 1 | 0 |
_aEnglish chintz _cVictoria and Albert Museum. |
| 260 |
_aLondres _bH. M. Stationery Office _c1955 |
||
| 300 |
_a6 p. _bil., 32 láminas _c19 cm. |
||
| 500 | _aU6 | ||
| 650 | 1 | 4 |
_aChintz (Tela) _vTécnicas y diseños _918931 |
| 650 | 1 | 4 |
_aTextiles _zInglaterra _918932 |
| 650 | 1 | 4 |
_aGalerías y museos _zInglaterra _918933 |
| 710 | 2 |
_aVictoria and Albert Museum (Londres) _918934 |
|
| 902 | _aGFM | ||
| 942 |
_2lcc _cB |
||
| 999 |
_c7344 _d7344 |
||